000 00349nam a2200145Ia 4500
008 090124s9999 xx 000 0 und d
082 _b300847
245 _a मदहोश
250 _a1
260 _bकाळे वैजयंती.
_c1982
300 _a235
630 _a मदहोश
730 _a मदहोश
942 _cBOOK
999 _c190401
_d190401